000 01597nam a2200337 i 4500
003 OSt
005 20260504150115.0
008 260504t20252025caua crb 000 0beng d
020 _a9798889641117
_cRM 51.50
_qpaperback
040 _aPPAK
_beng
_cPPAK
_erda
082 0 4 _223
_a509.252
090 0 0 _a509.252
_bBER
_dK
100 1 _aBerne, Emma Carlson,
_d1979-
_eauthor.
245 1 0 _aREBEL GIRL STEM STARS :
_b25 TALES OF WOMEN iN SCiENCE /
_cText by Emma Carlson Berne, Margeaux Weston, Mel Hammond, Orli Zuravicky ; Cover illustrations by Joanne Dertili ; Edited by Eliza Kirby
264 1 _aLarkspur, CA :
_bRebel Girls, Inc.,
_c[2025]
264 4 _c©2025
300 _a68 pages :
_bcolor illustrations ;
_c23 cm
336 _atext
_2rdacontent
337 _aunmediated
_2rdamedia
338 _avolume
_2rdacarrier
520 _a"Read about how these women solved problems, made incredible breakthroughs, and paved the way for future scientists everywhere. Create a computer with mathematician Ada Lovelace. Design a robot with engineer Cynthia Breazeal. And help others with Rebecca Lee Crumpler, the first African American woman to become a doctor of medicine"--
_cProvided by publisher
650 1 0 _aWomen in science
_vJuvenile literature.
650 2 0 _aWomen scientists
_xBiography
_vJuvenile literature
655 7 _aBiographies
700 1 _aWeston, Margeaux,
_eauthor.
700 1 _aHammond, Mel,
_eauthor.
700 1 _aZuravick, Orli,
_eauthor.
700 1 _aDertili, Joanne,
_eillustrator.
700 1 _aKirby, Eliza,
_eeditor.
942 _2ddc
_cB
999 _c204082
_d204082